| 000 | 00643nam a22001817a 4500 | ||
|---|---|---|---|
| 999 |
_c177233 _d177233 |
||
| 005 | 20210215165007.0 | ||
| 010 | _aENG-128977 | ||
| 020 |
_c995.00 _a978-93-86473-87-5 |
||
| 035 | _aEN-112509 | ||
| 037 | _bDBAD/PUB | ||
| 082 | _a005.80954 | ||
| 100 | _aPathak, Ashok | ||
| 245 |
_aIndia's Strategies for Information War and Cyber Deterrence/ _cAshok Pathak |
||
| 260 |
_aNew Delhi _bVitasta Publishing Pvt. Ltd. _c2020 |
||
| 270 |
_bNew Delhi _a2/15, Ansari Roaad, Daryaganj _e110002 _minfo@vitastapublishing.com |
||
| 300 |
_axvi+380p. _c22cm(hbk) _bIncluding bibliographic references. |
||
| 942 |
_2ddc _cEN _h005.80954 _mPAT |
||